书目信息 |
| 题名: |
应用型高校实践教学探索
|
|
| 作者: | 蒋建华 编著 | |
| 分册: | ||
| 出版信息: | 北京 中国纺织出版社 2018 |
|
| 页数: | 262页 | |
| 开本: | 24cm | |
| 丛书名: | ||
| 单 册: | ||
| 中图分类: | G642.0 | |
| 科图分类: | ||
| 主题词: | 高等学校--教学研究 | |
| 电子资源: | ||
| ISBN: | 978-7-5180-5088-8 | |
| 000 | 00837nam0 2200241 450 | |
| 001 | 012001002254 | |
| 005 | 20130122144451.0 | |
| 010 | @a978-7-5180-5088-8@dCNY70.00 | |
| 099 | @aCAL 012018186961 | |
| 100 | @a20181025d2018 em y0chiy50 ea | |
| 101 | 0 | @achi |
| 102 | @aCN@b110000 | |
| 105 | @ay z 000yy | |
| 106 | @ar | |
| 200 | 1 | @a应用型高校实践教学探索@Aying yong xing gao xiao shi jian jiao xue tan suo@f蒋建华编著 |
| 210 | @a北京@c中国纺织出版社@d2018 | |
| 215 | @a262页@d24cm | |
| 330 | @a本书收编了商学院教师近三年实践教学研究成果43篇,主要覆盖专业建设与实践教学研究、课程建设与实践教学环节探索、教学改革研究和合作办学实践四个方面的研究成果。 | |
| 606 | 0 | @a高等学校@x教学研究 |
| 690 | @aG642.0@v5 | |
| 701 | 0 | @a蒋建华@Ajiang jian hua@4编著 |
| 801 | 0 | @aCN@b江苏凤凰@c20191020 |
| 905 | @b1215301-4@dG642.0@e1173@f4 | |
| 应用型高校实践教学探索/蒋建华编著.-北京:中国纺织出版社,2018 |
| 262页;24cm |
| ISBN 978-7-5180-5088-8:CNY70.00 |
| 本书收编了商学院教师近三年实践教学研究成果43篇,主要覆盖专业建设与实践教学研究、课程建设与实践教学环节探索、教学改革研究和合作办学实践四个方面的研究成果。 |
| ● |
| 相关链接 |
|
|
|
|
正题名:应用型高校实践教学探索
索取号:G642.0/1173
 
预约/预借
| 序号 | 登录号 | 条形码 | 馆藏地/架位号 | 状态 | 备注 |
| 1 | 1215301 | 212153015 | 第一样本阅览室/ [索取号:G642.0/1173] | 在馆 | |
| 2 | 1215302 | 212153024 | 教育系资料室/ [索取号:G642.0/1173] | 在馆 | |
| 3 | 1215303 | 212153033 | 教育系资料室/ [索取号:G642.0/1173] | 在馆 | |
| 4 | 1215304 | 212153042 | 第四借阅区/ [索取号:G642.0/1173] | 在馆 |